Online
Catalog

Los límites de la libertad : (Record no. 18149)

MARC details
000 -CABECERA
campo de control de longitud fija 00688nam a2200193 a 4500
001 - NÚMERO DE CONTROL
campo de control 000018629
005 - FECHA Y HORA DE LA ÚLTIMA TRANSACCIÓN
campo de control 20200929165831.0
008 - DATOS DE LONGITUD FIJA--INFORMACIÓN GENERAL
campo de control de longitud fija 100512s1981 mx d 000 0 spa d
020 ## - NÚMERO INTERNACIONAL ESTÁNDAR DEL LIBRO
Número Internacional Estándar del Libro 9684341709
040 ## - FUENTE DE LA CATALOGACIÓN
Centro catalogador/agencia de origen DO-SdBNP
Lengua de catalogación spa
Centro/agencia transcriptor BNPHU
082 ## - NÚMERO DE LA CLASIFICACIÓN DECIMAL DEWEY
Número de clasificación xxx
Número de documento/Ítem B918l
049 ## - FONDOS LOCALES (OCLC)
Fondos de biblioteca BNGR
100 1# - ENTRADA PRINCIPAL--NOMBRE DE PERSONA
Nombre de persona Buchanan, Jamés M.,
Fechas asociadas al nombre 1919-
9 (RLIN) 40259
245 14 - MENCIÓN DE TÍTULO
Título Los límites de la libertad :
Resto del título entre la anarquía y leviatán /
Mención de responsabilidad, etc. Jamés M. Buchanan ; traducción de Carlos Millet.
260 ## - PUBLICACIÓN, DISTRIBUCIÓN, ETC.
Lugar de publicación, distribución, etc. México :
Nombre del editor, distribuidor, etc. The University of Chicago Press;
-- Premia,
Fecha de publicación, distribución, etc. 1981.
300 ## - DESCRIPCIÓN FÍSICA
Extensión 243 p. :
Otras características físicas diagrs. ;
Dimensiones 21 cm.
534 ## - NOTA SOBRE LA VERSIÓN ORIGINAL
Encabezamiento principal del original The limits of liberty : between anarchy and leviathan
700 1# - PUNTO DE ACCESO ADICIONAL--NOMBRE DE PERSONA
Nombre de persona Millet, Carlos,
Fechas asociadas al nombre tr.
9 (RLIN) 40260
Holdings
Estado de retiro Estado de pérdida Restricciones de uso No para préstamo Código de colección Localización permanente Ubicación/localización actual Ubicación en estantería Fecha de adquisición Número de inventario Total de préstamos Signatura topográfica completa Código de barras Fecha visto por última vez Precio válido a partir de Tipo de ítem Koha
        Monografías: Libros y Folletos General General En catalogación 12.05.2010 LF1   xxx B918l 18629-10 25.06.2020 25.06.2020 Préstamo en sala

Powered by Koha